000 00411nam a22001697a 4500
003 MPLRDC
005 20220104114412.0
008 210129b ||||| |||| 00| 0 eng d
082 _a848.1 SMS-2
100 _a苏曼殊著
245 _a苏曼殊选集
_c
260 _a
_b香港文学研究社
_c
300 _b
490 _a中国现代文选丛书
650 _a现代别集
942 _cBK
_o848.1 SMS-2
999 _c7188
_d7178